Najviac sporíme v decembri, hoci sú Vianoce

Na minha lista:
Detalhes bibliográficos
Autor principal: Škriniar, Pavel, 1979-
Formato: Capítulo de Livro
Idioma:eslovaco
Assuntos:
Tags: Adicionar Tag
Sem tags, seja o primeiro a adicionar uma tag!

MARC

LEADER 00000naa a2200000 4500
001 0194203
005 20240502073242.5
041 0 |a slo 
044 |a SK 
245 1 0 |a Najviac sporíme v decembri, hoci sú Vianoce  |c Pavel Škriniar 
610 2 0 |a vklady 
610 2 0 |a úspory 
610 2 0 |a úspory obyvateľstva 
610 2 0 |a úspory finančné 
610 2 0 |a miera úspor 
610 2 0 |a spotreba osobná 
100 1 |a Škriniar, Pavel, 1979-